All Pokémon with Lightning Rod - Statistics

General Stats
  • This quiz has been taken 13 times
  • The average score is 14 of 20
Answer Stats
(Avail)ability Pokémon % Correct
Only Ability Cosplay Pikachu
88%
Hidden Ability Pichu
88%
Hidden Ability Pikachu
88%
First Ability Pincurchin
88%
Hidden Ability Raichu
88%
First Ability Blitzle
75%
Second Ability Electrike
75%
Second Ability Manectric
75%
Hidden Ability Plusle
75%
First Ability Rhydon
75%
First Ability Rhyhorn
75%
First Ability Rhyperior
75%
First Ability Zebstrika
75%
Second Ability Alolan Marowak
63%
Second Ability Cubone
63%
Second Ability Marowak
63%
Second Ability Togedemaru
63%
Hidden Ability Goldeen
38%
Only Ability Mega Sceptile
38%
Hidden Ability Seaking
38%
No matching quizzes found
Score Distribution
Percent of People with Each Score
Percentile by Number Answered
Your Score History
You have not taken this quiz